000
00499nam a2200181Ia 4500
008
100917s9999 xx 000 0 und d
082
_b
50422
100
_a
वाघे सुरेश
245
_a
जगावेगळा
260
_b
प्रिया प्रकाशन
_c
1981
300
_a
180
365
_b
20
520
_a
कादंबरी
630
_a
जगावेगळा
650
_a
कादंबरी
730
_a
जगावेगळा
942
_c
BOOK
999
_c
655816
_d
655813